| 000 | 00543nam a2200193Ia 4500 | ||
|---|---|---|---|
| 003 | LDD | ||
| 008 | 181029s9999 xx 000 0 und d | ||
| 020 |
_a8131705943 _c275.00 |
||
| 040 | _cLDD | ||
| 100 | _aSeacord, Robert C. | ||
| 245 | 0 |
_aSecure coding in C and C++ _cRobert C. Seacord |
|
| 260 |
_aDelhi _bDorling Kindersley _c2006 |
||
| 300 | _axxiv, 341p | ||
| 365 | _b275.00 | ||
| 901 |
_a4219 _b04-02-2008 |
||
| 902 |
_a393 _b22-02-2008 _cF _dUS _e4 |
||
| 903 |
_aDiscount-20 _bReqst by : Sudhansh |
||
| 942 |
_2ddc _cBK |
||
| 999 |
_c80518 _d80518 |
||